<?xml version="1.0" encoding="UTF-8"?>
<collection xmlns="http://www.loc.gov/MARC21/slim">
 <record>
  <leader>09166nam a2200337 a 4500</leader>
  <controlfield tag="001">kal1753</controlfield>
  <controlfield tag="003">Gr-AtHEAL</controlfield>
  <controlfield tag="005">20160427105802.0</controlfield>
  <controlfield tag="006">m        d        </controlfield>
  <controlfield tag="008">160413s2015    gr      s           gre|c</controlfield>
  <datafield tag="020" ind1=" " ind2=" ">
   <subfield code="a">9789606031397</subfield>
  </datafield>
  <datafield tag="040" ind1=" " ind2=" ">
   <subfield code="a">GR-AtHEAL</subfield>
   <subfield code="b">gre</subfield>
   <subfield code="c">GR-AtHEAL</subfield>
  </datafield>
  <datafield tag="082" ind1="0" ind2="4">
   <subfield code="a">629.13</subfield>
   <subfield code="2">23</subfield>
  </datafield>
  <datafield tag="100" ind1="1" ind2=" ">
   <subfield code="a">Αντωνιάδης, Ιωάννης.</subfield>
   <subfield code="8">779</subfield>
  </datafield>
  <datafield tag="245" ind1="1" ind2="0">
   <subfield code="a">Δυναμική και έλεγχος πτήσης</subfield>
   <subfield code="h">[Ηλεκτρονικός πόρος] </subfield>
   <subfield code="b">Γραμμική προσέγγιση των εξισώσεων κίνησης του αεροσκάφους, ευστάθεια, χαρακτηριστικά πτήσης και ευκολίας χειρισμού</subfield>
   <subfield code="c">Αντωνιάδης, Ιωάννης ; Κριτικός αναγνώστης,Βοσνιάκος, Γεώργιος-Χριστόφορος ; Τεχνική επιμέλεια,Παραδεισιώτης, Ανδρέας.</subfield>
  </datafield>
  <datafield tag="260" ind1=" " ind2=" ">
   <subfield code="a">Αθήνα :</subfield>
   <subfield code="b">Σύνδεσμος Ελληνικών Ακαδημαϊκών Βιβλιοθηκών,</subfield>
   <subfield code="c">c2015.</subfield>
  </datafield>
  <datafield tag="490" ind1=" " ind2=" ">
   <subfield code="a">Ακαδημαϊκά Ηλεκτρονικά Συγγράμματα και Βοηθήματα Κάλλιπος</subfield>
   <subfield code="8">40</subfield>
  </datafield>
  <datafield tag="505" ind1="0" ind2=" ">
   <subfield code="a">1: Εισαγωγή1. Βασικές έννοιες αεροδυναμικής και δυνάμεις στο αεροσκάφος2.Βασικές συνιστώσες, συστήματα αεροσκάφους και μηχανισμοί ελέγχου πτήσης2: Στατική ισορροπία και αντιστάθμιση1. Ισορροπία, αντιστάθμιση, ευστάθεια2. Διαμήκης στατική ευστάθεια3.Διαμήκης Έλεγχος και πηδάλιο ανόδου-καθόδου4. Εγκάρσια στατική ευστάθεια3: Δυναμικές εξισώσεις κίνησης1. Συστήματα αξόνων του αεροσκάφους2. Μεταβλητές του αεροσκάφους και βασικές παραδοχές3. Οι γενικές εξισώσεις κίνησης του στερεού συμμετρικού αεροσκάφους4. Γραμμικοποίηση των εξισώσεων κίνησης5.Οι αποσυζευγμένες (decoupled) εξισώσεις κίνησης4: Διαμήκης δυναμική1. Απόκριση σε εντολές ελέγχου2. Η χαρακτηριστική εξίσωση3. Ταλάντωση πρόνευσης μικρής περιόδου4. Το φυγοειδές5. Μοντέλα χαμηλότερης τάξης5: Εγκάρσια δυναμική1.Απόκριση σε εντολές ελέγχου2.Η χαρακτηριστική εξίσωση3.Οι μορφές της δυναμικής ευστάθειας4.Μοντέλο μειωμένης τάξης6: Αεροδυναμικές παράγωγοι ευστάθειας και ελέγχου1. Εισαγωγή2. Ψευδοστατικές παράγωγοι ευστάθειας3. Διαμήκεις Αεροδυναμικές παράγωγοι ευστάθειας4. Οι αεροδυναμικές παράγωγοι ευστάθειας της εγκάρσιας-διεύθυνσης δυναμικής5. Οι παράγωγοι ευστάθειας των μηχανισμών αεροδυναμικού ελέγχου7: Χαρακτηριστικά πτήσης και ευκολίας χειρισμού1. Εισαγωγή2. Ελιγμοί και ευστάθεια3. Φυσικές παράμετροι αποτύπωσης χαρακτηριστικών ευκολίας χειρισμών4. Κανονισμοί και προδιαγραφές χαρακτηριστικών πτήσης5. Ο ρόλος του αεροσκάφους6. Βαθμολόγηση των απόψεων του πιλότου7. Απαιτήσεις διαμήκων χαρακτηριστικών8. Απαιτήσεις των εγκάρσιων χαρακτηριστικών8: Συστήματα επαύξησης της ευστάθειας και αυτόματοι πιλότοι1. Εισαγωγή2. Αρχιτεκτονική Ηλεκτρονικών Συστημάτων Ελέγχου Πτήσης3. Τύποι και νόμοι ελέγχου συστημάτων επαύξησης ευστάθειας4. Βασικά συστήματα αυτομάτων πιλότων5. Αυτόματοι πιλότοι ενόργανης προσγείωσηςΠαραρτήματα</subfield>
  </datafield>
  <datafield tag="520" ind1=" " ind2=" ">
   <subfield code="a">Το βιβλίο απευθύνεται καταρχήν σε σπουδαστές των κύκλων Αεροναυπηγών Μηχανολόγων Μηχανικών των Πολυτεχνικών Σχολών της χώρας, καθώς και σε όλους εκείνους τους μηχανικούς, τεχνικούς ή/και ιπτάμενους, οι οποίοι ενδιαφέρονται να αποκτήσουν στέρεες επιστημονικές βάσεις στο αντικείμενο της Δυναμικής και Ελέγχου Πτήσης.To βιβλίο αναφέρεται στον τρόπο με τον οποίο είναι δυνατό ένα αεροσκάφος να αποκτήσει ικανοποιητικά χαρακτηριστικά πτήσης και ευκολίας χειρισμού (flying and handling qualities). Για τον λόγο αυτό ιδιαίτερη μνεία δίνεται στα δυναμικά χαρακτηριστικά και στα χαρακτηριστικά ευστάθειας και ελέγχου τα οποία αποτελούν και τη βάση για την ανωτέρω ανάλυση. Το βιβλίο πραγματεύεται τρία βασικά ερωτήματα:1) Τη διαμόρφωση των χαρακτηριστικών ευστάθειας και ελέγχου του αεροσκάφους και πως αυτά επηρεάζουν τα χαρακτηριστικά πτήσης. 2) Τα αποδεκτά χαρακτηριστικά πτήσης, τον τρόπο που ορίζονται, ερμηνεύονται και εφαρμόζονται οι ανάλογες απαιτήσεις μέσω των κανονισμών και τον τρόπο που αυτές οι απαιτήσεις ορίζουν το φάκελο πτήσης. 3) Τον τρόπο που είναι δυνατό να βελτιωθούν τα μη αποδεκτά χαρακτηριστικά πτήσης. Το βιβλίο αρχικά περιέχει τη θεωρία της δυναμικής συμπεριφοράς του αεροσκάφους. Αυτή περιλαμβάνει την ανάπτυξη και την επίλυση των πλήρων εξισώσεων κίνησης, την απλοποιημένη τους μορφή για διαμήκη και εγκάρσια δυναμική και τη μελέτη της απόκρισης του αεροσκάφους στα πηδάλια ελέγχου με τον καθορισμό των συναρτήσεων μεταφοράς. Στη συνέχεια αναλύεται ο τρόπος με τον οποίο ο πιλότος χειρίζεται το αεροσκάφος όσο ο τρόπος με τον οποίο ο άνθρωπος αντιλαμβάνεται την πτήση. Τέλος, αναλύονται οι βασικοί τρόποι ελέγχου με ανάδραση (“αυτόματοι πιλότοι”) καθώς και γενικότεροι τρόποι βελτιστοποίησης των χαρακτηριστικών πτήσης. Το βιβλίο επιπλέον περιλαμβάνει εφαρμογές με δυναμικά δεδομένα μιας ποικιλίας αεροσκαφών, καθώς και μία σύντομη επισκόπηση των βασικών υποσυστημάτων του αεροσκάφους (όργανα,ελεγκτές,επενεργητές) που χρησιμοποιούνται για τον έλεγχο της πτήσης.</subfield>
  </datafield>
  <datafield tag="650" ind1=" " ind2="0">
   <subfield code="a">Aerodynamics</subfield>
   <subfield code="8">2662</subfield>
  </datafield>
  <datafield tag="653" ind1=" " ind2=" ">
   <subfield code="a">Χαρακτηριστικά πτήσης και ευκολίας χειρισμού</subfield>
  </datafield>
  <datafield tag="653" ind1=" " ind2=" ">
   <subfield code="a">Έλεγχος πτήσης</subfield>
  </datafield>
  <datafield tag="653" ind1=" " ind2=" ">
   <subfield code="a">Ευστάθεια πτήσης</subfield>
  </datafield>
  <datafield tag="653" ind1=" " ind2=" ">
   <subfield code="a">Δυναμική πτήσης</subfield>
  </datafield>
  <datafield tag="653" ind1=" " ind2=" ">
   <subfield code="a">Τεχνολογία και επιστήμες μηχανικών</subfield>
   <subfield code="a">Αεροναυτική μηχανολογία και τεχνολογία/Αεροναυπηγική</subfield>
   <subfield code="a">Ευστάθεια και έλεγχος</subfield>
  </datafield>
  <datafield tag="700" ind1="1" ind2=" ">
   <subfield code="a">Βοσνιάκος, Γεώργιος-Χριστόφορος</subfield>
   <subfield code="e">Κριτικός αναγνώστης</subfield>
   <subfield code="8">785</subfield>
  </datafield>
  <datafield tag="856" ind1="4" ind2="0">
   <subfield code="u">http://hdl.handle.net/11419/1753</subfield>
   <subfield code="z">Πλήρες Κείμενο - Full text</subfield>
  </datafield>
  <datafield tag="907" ind1=" " ind2=" ">
   <subfield code="a">.b25678164</subfield>
   <subfield code="b">12-06-18</subfield>
   <subfield code="c">29-07-16</subfield>
  </datafield>
  <datafield tag="949" ind1=" " ind2=" ">
   <subfield code="0">0</subfield>
   <subfield code="1">0</subfield>
   <subfield code="2">ddc</subfield>
   <subfield code="4">0</subfield>
   <subfield code="6">629_130000000000000_ΑΝΤ</subfield>
   <subfield code="7">0</subfield>
   <subfield code="8">KALL</subfield>
   <subfield code="8">575</subfield>
   <subfield code="d">2016-04-13</subfield>
   <subfield code="r">2016-04-13</subfield>
   <subfield code="w">2016-04-13</subfield>
   <subfield code="z">629.13 ΑΝΤ</subfield>
   <subfield code="o">SEAB KALLIPOS</subfield>
  </datafield>
  <datafield tag="998" ind1=" " ind2=" ">
   <subfield code="a">80</subfield>
   <subfield code="a">01</subfield>
   <subfield code="a">02</subfield>
   <subfield code="a">03</subfield>
   <subfield code="a">04</subfield>
   <subfield code="a">05</subfield>
   <subfield code="a">06</subfield>
   <subfield code="a">07</subfield>
   <subfield code="a">08</subfield>
   <subfield code="a">09</subfield>
   <subfield code="a">10</subfield>
   <subfield code="a">11</subfield>
   <subfield code="a">12</subfield>
   <subfield code="a">13</subfield>
   <subfield code="a">14</subfield>
   <subfield code="a">15</subfield>
   <subfield code="a">16</subfield>
   <subfield code="a">17</subfield>
   <subfield code="a">19</subfield>
   <subfield code="a">18</subfield>
   <subfield code="a">20</subfield>
   <subfield code="a">21</subfield>
   <subfield code="a">22</subfield>
   <subfield code="a">23</subfield>
   <subfield code="a">24</subfield>
   <subfield code="a">25</subfield>
   <subfield code="a">26</subfield>
   <subfield code="b">11-05-17</subfield>
   <subfield code="c">m</subfield>
   <subfield code="d">z  </subfield>
   <subfield code="e">-</subfield>
   <subfield code="f">gre</subfield>
   <subfield code="g">gr </subfield>
   <subfield code="h">0</subfield>
  </datafield>
  <datafield tag="942" ind1=" " ind2=" ">
   <subfield code="2">ddc</subfield>
   <subfield code="c">KALLIPOS</subfield>
  </datafield>
 </record>
</collection>
